Представление документа в формате MARC21

Поле Инд. ПП Название Значение
Тип записи a
Библиографический уровень b
001 Контрольный номер RU/IS/BASE/224600349
005 Дата корректировки 20200706222706.0
008 Кодируемые данные 20070212
040 b Код языка каталог. rus
e Правила каталог. PSBO
041 0_ a Код языка текста rus
084 a Индекс другой классификации/Индекс ББК 60.9р30-23
100 1_ a Автор Бурцева И. В.
q Полное имя Бурцева Ирина Викторовна
245 10 a Заглавие Опыт преподавания дисциплины "Организация, управление и администрирование в социальной работе"
504 a Библиография Библиогр.
520 0_ a Аннотация В статье представлен созданный автором учебно-методический комплекс "Организация, управление и администрирование в социальной работе", который составляют четыре дидактические единицы: учебно-программное издание (учебная программа дисциплины, разработанная на основе рекомендованной УМО примерной учебной программы), учебно-теоретическое издание (учебное пособие); учебно-практическое издание (практикум) и учебно-методическое издание (комплекс заданий для самостоятельной работы студентов)
650 04 a Основная рубрика методика преподавания; дидактика
a Основная рубрика образование; высшее образование
a Основная рубрика социальная защита
653 0_ a Ключевые слова менеджмент социальной работы
a Ключевые слова управление социальной работой
a Ключевые слова учебно-методический комплекс
773 0_ t Заглавие источника Сотис - социальные технологии, исследования
d Дата издания источника 2006
g Прочая информация № 6. - С. 24 - 30
w Контрольный № источника RU/IS/BASE/222968942
901 t Тип документа b